"Reverendo, giù le mani!"

সংরক্ষণ করুন:
গ্রন্থ-পঞ্জীর বিবরন
সংস্থা লেখক: Associazione culturale "Sicilia Punto L"
বিন্যাস: কনফারেন্স প্রসিডিং গ্রন্থ
ভাষা:ইংরেজি
ট্যাগগুলো: ট্যাগ যুক্ত করুন
কোনো ট্যাগ নেই, প্রথমজন হিসাবে ট্যাগ করুন!

MARC

LEADER 00000nam a2200000 4500
001 CDOM0000003934
003 mi
005 20250720094811.0
008 250718b |||||||| |||| 00| 0 eng d
040 |c mi 
245 1 |a "Reverendo, giù le mani!"  
711 |a Associazione culturale "Sicilia Punto L" 
942 |2 ddc  |c BK 
952 |0 0  |1 0  |2 ddc  |4 0  |7 0  |9 8951  |a MI  |b MI  |d 2009-09-21  |i 5678  |l 0  |p CDOM5678  |r 2025-07-17 21:50:00  |w 2025-07-17  |x ACQUISTO  |y BK 
999 |c 7446  |d 7446